扉格若斯(Phigros)2019~2023年单曲精选集 曲目测验 - Statistics

General Stats
  • This quiz has been taken 17 times
  • The average score is 23 of 95
Answer Stats
曲目来源 曲目 % Correct
单曲 精选集 2019年更新 もぺもぺ
64%
单曲 精选集 2022年更新 El Condor Pasa (Phigros Edit)
64%
单曲 精选集 2019年更新 狂喜蘭舞
55%
单曲 精选集 2020年更新 雪降り、メリクリ
55%
单曲 精选集 2019年更新 Burn
55%
单曲 精选集 2023年更新 Diamond Eyes
55%
单曲 精选集 2019年更新 萤火虫の怨
45%
单曲 精选集 2019年更新 万吨匿名信
45%
单曲 精选集 2019年更新 风屿
45%
单曲 精选集 2023年更新 聖夜讃歌
45%
单曲 精选集 2023年更新 Triumph & Regret
45%
单曲 精选集 2019年更新 云女孩
36%
单曲 精选集 2019年更新 开心病
36%
单曲 精选集 2022年更新 いざ、参ります
36%
单曲 精选集 2023年更新 青丘
36%
单曲 精选集 2023年更新 インフェルノシティ
36%
单曲 精选集 2020年更新 Aleph-0
36%
单曲 精选集 2020年更新 Äventyr
36%
单曲 精选集 2023年更新 bye
36%
单曲 精选集 2019年更新 Dash
36%
单曲 精选集 2019年更新 Doppelganger
36%
单曲 精选集 2022年更新 Dreamland
36%
单曲 精选集 2019年更新 Drop It
36%
单曲 精选集 2023年更新 Fractured Angel
36%
单曲 精选集 2021年更新 ジングルベル(Jingle Bell)
36%
单曲 精选集 2021年更新 Kerberos
36%
单曲 精选集 2019年更新 MARENOL
36%
单曲 精选集 2022年更新 opia
36%
单曲 精选集 2023年更新 Poison AND÷OR Affection
36%
单曲 精选集 2023年更新 Random
36%
单曲 精选集 2019年更新 Sein
36%
单曲 精选集 2023年更新 Silence is Golden,Speech is Golden
36%
单曲 精选集 2023年更新 Upshift
36%
单曲 精选集 2023年更新 ぱぴぷぴぷぴぱ
27%
单曲 精选集 2022年更新 Break Over
27%
单曲 精选集 2020年更新 Electron
27%
单曲 精选集 2021年更新 Nhelv
27%
单曲 精选集 2022年更新 Pont des souvenirs
27%
单曲 精选集 2020年更新 SIGMA
27%
单曲 精选集 2021年更新 Unorthodox Thoughts
27%
单曲 精选集 2021年更新 游园地
18%
单曲 精选集 2022年更新 月下缭乱
18%
单曲 精选集 2023年更新 零號車輛
18%
单曲 精选集 2022年更新 Another Round
18%
单曲 精选集 2021年更新 ρars/ey
18%
单曲 精选集 2022年更新 Believe Light (feat. 果丸哒呦)
18%
单曲 精选集 2021年更新 Better Graphic Animation
18%
单曲 精选集 2022年更新 Brave Notes
18%
单曲 精选集 2021年更新 Concvssion
18%
单曲 精选集 2022年更新 c.s.q.n.
18%
单曲 精选集 2022年更新 DataErr0r
18%
单曲 精选集 2019年更新 dB doll
18%
单曲 精选集 2020年更新 Dead Soul
18%
单曲 精选集 2021年更新 energy trixxx
18%
单曲 精选集 2022年更新 FULi AUTO BUSTER
18%
单曲 精选集 2022年更新 Future Mind
18%
单曲 精选集 2020年更新 Get Back
18%
单曲 精选集 2022年更新 I Must Say No
18%
单曲 精选集 2019年更新 Khronostasis Katharsis
18%
单曲 精选集 2020年更新 Magenta Potion
18%
单曲 精选集 2021年更新 modulus
18%
单曲 精选集 2020年更新 Next Time
18%
单曲 精选集 2022年更新 On And On!!
18%
单曲 精选集 2020年更新 Orthodox
18%
单曲 精选集 2022年更新 Rainy Season
18%
单曲 精选集 2023年更新 Realms
18%
单曲 精选集 2020年更新 Rubbish Sorting
18%
单曲 精选集 2019年更新 Sparkle New Life
18%
单曲 精选集 2020年更新 Träne
18%
单曲 精选集 2021年更新 大和撫子 -Wild Dances-
18%
单曲 精选集 2019年更新 華灯爱
9%
单曲 精选集 2022年更新 996
9%
单曲 精选集 2019年更新 Aphasia
9%
单曲 精选集 2021年更新 -Arkhei-
9%
单曲 精选集 2023年更新 Bitterblossom
9%
单曲 精选集 2023年更新 Bougainvillea
9%
单曲 精选集 2021年更新 Eltaw
9%
单曲 精选集 2020年更新 End Me
9%
单曲 精选集 2022年更新 Eternal Snow
9%
单曲 精选集 2019年更新 Find_Me
9%
单曲 精选集 2022年更新 Luminescent
9%
单曲 精选集 2023年更新 Now Is The Time, Do It
9%
单曲 精选集 2020年更新 Palescreen
9%
单曲 精选集 2023年更新 Rainy Heart
9%
单曲 精选集 2019年更新 RIPPER
9%
单曲 精选集 2019年更新 Snow Desert
9%
单曲 精选集 2020年更新 Speed Up!
9%
单曲 精选集 2020年更新 "Starduster
9%
单曲 精选集 2020年更新 The Mountain Eater
9%
单曲 精选集 2021年更新 Wavetapper
9%
单曲 精选集 2021年更新 With You
9%
单曲 精选集 2021年更新 Apocalyptic
0%
单曲 精选集 2021年更新 Cervelle Connexion
0%
单曲 精选集 2020年更新 Hardcore Kwaya
0%
单曲 精选集 2020年更新 Parallel Retrogression (Game Ver.)
0%
No matching quizzes found
Score Distribution
Percent of People with Each Score
Percentile by Number Answered
Your Score History
You have not taken this quiz